header

The secret marriage of Sherlock Holmes, and other eccentric readings (Record no. 106817)

MARC details
000 -LEADER
fixed length control field 01439nam a2200337Ia 4500
082 04 - DEWEY DECIMAL CLASSIFICATION NUMBER
Classification number 823/.8
100 1# - MAIN ENTRY--AUTHOR NAME
Personal name Atkinson, Michael,
245 14 - TITLE STATEMENT
Title The secret marriage of Sherlock Holmes, and other eccentric readings
260 ## - PUBLICATION, DISTRIBUTION, ETC. (IMPRINT)
Place of publication Ann Arbor :
Name of publisher University of Michigan Press,
Year of publication c1996.
300 ## - PHYSICAL DESCRIPTION
Number of Pages x, 198 p. :
Other physical details ill.
650 #0 - SUBJECT ADDED ENTRY--TOPICAL TERM
Topical Term Detective and mystery stories, English
Topical Term Holmes, Sherlock (Fictitious character)
Topical Term Private investigators in literature.
856 40 - ELECTRONIC LOCATION AND ACCESS
Uniform Resource Identifier http://site.ebrary.com/lib/rucke/Doc?id=10355560

No items available.

© 2026 Rongo University
Contact us: librarian | system librarian | Rongo university